000 00315nam a2200133Ia 4500
005 20260326100033.0
008 260326s9999||||xx |||||||||||||| ||und||
100 _aBacon, Edmund N
245 0 _aDesign of Cities /
_cEdmund N Bacon
260 _bPenguin
300 _a336 p.
650 _aDISEÑO URBANO
942 _cBK
999 _c6666
_d6666